इसे छोड़कर सामग्री पर बढ़ने के लिए
Inicio
Centros participantes
Catálogo
Servicios
Contacto
लॉग इन करें
English
Deutsch
Español
Français
Italiano
日本語
Nederlands
Português
Português (Brasil)
中文(简体)
中文(繁體)
Türkçe
עברית
Gaeilge
Cymraeg
Ελληνικά
Català
Euskara
Русский
Čeština
Suomi
Svenska
polski
Dansk
slovenščina
اللغة العربية
বাংলা
Galego
Tiếng Việt
Hrvatski
हिंदी
Հայերէն
Українська
Sámegiella
भाषा
सभी फ़ील्ड्स
शीर्षक
लेखक
विषय
बोधानक
आईएसबीएन / आईएसएसएन
टैग
खोज
उन्नत
Estructura agraria, dinámica d...
इसे उद्धृत करें
इसे ईमेल करें
प्रिंट
निर्यात रिकॉर्ड
को निर्यात RefWorks
को निर्यात EndNoteWeb
को निर्यात EndNote
सूची में सहेजें
स्थायी लिंक
पहली रेटिंग जोड़ें
Estructura agraria, dinámica de población y desarrollo capitalista en Centroamérica
में बचाया:
ग्रंथसूची विवरण
निगमित लेखक:
CSUCA
स्वरूप:
मूलपाठ
प्रकाशित:
San José:
EDUCA
टैग:
टैग जोड़ें
कोई टैग नहीं, इस रिकॉर्ड को टैग करने वाले पहले व्यक्ति बनें!
होल्डिंग्स
विवरण
टिप्पणियाँ
समान संसाधन
स्टाफ के लिए
MARC
LEADER
00000 a a2200000 04500
001
25559
003
040
090
|a
154806
110
|a
CSUCA
245
|a
Estructura agraria, dinámica de población y desarrollo capitalista en Centroamérica
260
|a
San José:
|b
EDUCA
300
|a
335 p
|b
**no definido**
999
|c
12684
|d
12684
समान संसाधन
Estructura agraria, dinámica de población y desarrollo capitalista en Centroamérica
Estructura agraria, dinámica de población y desarrollo capitalista en Centroamérica
Estructura Agraria dinámica de población y desarrollo capitalista en Centroamérica
Estructura agraria, dinámica de población y desarrollo capitalista en Centroamérica
Estructura agraria, dinámica de población y desarrollo capitalista en Centroamérica